000 00462nam a2200133Ia 4500
008 200226s9999 xx 000 0 und d
020 _a978-1-63549-340-5
245 _cEdited by: Andre Douglas.--
_aMicrobiology :
_ban introduction /
260 _aNew York :
_bLarsen & Keller
_c2017
300 _aviii , 268 pages :
_bcolor illustration ;
_c27 cm.
500 _aIncludes bibliographical references and index.
650 _aMicrobiology.
650 _aMicroorganism.
999 _c362970
_d362970